Performing culture : stories of expertise and the everyday

Αποθηκεύτηκε σε:
Λεπτομέρειες βιβλιογραφικής εγγραφής
Κύριος συγγραφέας: Tulloch, John
Μορφή: Βιβλίο
Γλώσσα:English
Δημοσίευση: London : Sage Publications, c1999
Σειρά:Theory, culture and society
Θέματα:
Ετικέτες: Προσθήκη ετικέτας
Δεν υπάρχουν, Καταχωρήστε ετικέτα πρώτοι!

MARC

LEADER 00000nam a2200000 i 4500
001 1/13640
008 001129s1999 eng d
020 |a 0-7619-5608-5 
035 |l 10064698 
040 |a GR-MY-UA  |b gre  |e aacr 
041 0 |a eng 
082 0 |a 791 
100 1 |a Tulloch, John. 
245 1 0 |a Performing culture :  |b stories of expertise and the everyday /  |c John Tulloch 
260 |a London :   |b Sage Publications,   |c c1999 
300 |a 186 p. 
490 1 |a Theory, culture & society 
504 |a Includes bibliographical references and index 
650 0 0 |a Performing arts  |x Social aspects. 
650 0 0 |a Performing arts  |x Philosophy. 
650 0 0 |a Drama in health education  |z Australia  |z New South Wales  |x Case studies. 
830 0 |a Theory, culture and society 
852 |a INST  |b LESVOS  |e 20001129  |h 791 TUL  |p 005100025467  |q 005100025467  |t BK  |y 0 
901 |a BIBL1-2000-3 
909 |a Λ  |b 082886 
922 |a 1ΕΛΗ  |b 200011  |c ΤΑΚ/ΠΤΕ  |d ΜΙΧΑΛΟΠΟΥΛΟΣ 
950 |a 185-2000-09-13 
970 |a ΤΖΑΦΕΡΗ  |b ΕΥΑΓΓΕΛΙΑ  |z 2000/11/30